000 00663nam a2200229Ia 4500
005 20250425160915.0
008 250425s9999 xx 000 0 und d
020 _a0131649620
041 _aeng
082 _a660.208423
100 _aPRAUSNITZ, J. M.
245 0 _aCOMPUTER CALCULATIONS FOR MULTICOMPONENT VAPOR-LIQUID AND LIQUID-LIQUID EQUILIBRIA
250 _a1TH ED.
260 _aENGLEWOOD
260 _aEstados Unidos
_bPRENTICE-HALL
_c1980
300 _a353
650 _aEQUILIBRIO LIQUIDO-LIQUIDO-PROCESAMIENTO DE DATOS
650 _aEQUILIBRIO VAPOR-LIQUIDO-PROCESAMIENTO DE DATOS
700 _aGRENS, E.
942 _c01
010 _a8068
999 _c198600
_d198600